000 00466cam a2200181 4500
001 D6059
008 090401t1977 xxu||||| |||| 00| 0 eng d
035 _a(Sirsi) u98850
041 _aeng
050 _a690.025
110 _aIPC Building and Contract Journals Ltd
_92661
245 _aB & CJ Directory 1977.
260 _aSutton
_bIPC Building and Contract Journals Ltd
_c1977
300 _aclx. 878p. 22cm
350 _a12
942 _n0
948 _c04/03/1997
999 _c99239
_d99239